|
|
|
|
| LEADER |
01278nam a2200373Ia 4500 |
| 001 |
EBC267248 |
| 003 |
MiAaPQ |
| 005 |
20200520144314.0 |
| 006 |
m o d | |
| 007 |
cr cn||||||||| |
| 008 |
050118s2005 caua s 001 0 eng d |
| 010 |
|
|
|z 2005920768
|
| 015 |
|
|
|a GBA491180
|2 bnb
|
| 020 |
|
|
|z 0782150500
|
| 020 |
|
|
|z 0782144101
|
| 035 |
|
|
|a (MiAaPQ)EBC267248
|
| 035 |
|
|
|a (Au-PeEL)EBL267248
|
| 035 |
|
|
|a (CaPaEBR)ebr10131902
|
| 035 |
|
|
|a (OCoLC)85836412
|
| 040 |
|
|
|a MiAaPQ
|c MiAaPQ
|d MiAaPQ
|
| 050 |
|
4 |
|a HD58.8
|b .B33 2005
|
| 082 |
0 |
4 |
|a 658.406
|2 22
|
| 100 |
1 |
|
|a Baca, Claudia.
|
| 245 |
1 |
0 |
|a Project manager's spotlight on change management
|h [electronic resource] /
|c Claudia Baca.
|
| 246 |
3 |
0 |
|a Change management
|
| 260 |
|
|
|a San Francisco :
|b Harbor Light press,
|c c2005.
|
| 300 |
|
|
|a xiii, 145 p. :
|b ill.
|
| 500 |
|
|
|a Includes index.
|
| 533 |
|
|
|a Electronic reproduction. Ann Arbor, MI : ProQuest, 2015. Available via World Wide Web. Access may be limited to ProQuest affiliated libraries.
|
| 650 |
|
0 |
|a Organizational change
|x Management.
|
| 650 |
|
0 |
|a Project management.
|
| 655 |
|
4 |
|a Electronic books.
|
| 710 |
2 |
|
|a ProQuest (Firm)
|
| 856 |
4 |
0 |
|u https://ebookcentral.proquest.com/lib/matrademy/detail.action?docID=267248
|z Click to View
|